000 004720000a22001810004500
003 MACL
005 20150812171035.0
008 150812b xxu||||| |||| 00| 0 eng d
040 _aMACL
_cMACL
041 _aEnglish
082 _a371/CHA
100 _aChadha, Dr Anupriya
_95155
245 _aEducating Children with Special Needs
260 _bA P H Publishing Corporation
_c2008
_aNew Delhi
350 _a395
650 _aEducation
_95156
942 _cBK
_k371/CHA
_2ddc
999 _c42519
_d42519